书目信息 |
| 题名: |
四库精华
|
|
| 作者: | 黄世平 主编 ;本书编委会 著 | |
| 分册: | 下 子部 | |
| 出版信息: | 南宁 广西民族出版社 1997.1 |
|
| 页数: | 530页 | |
| 开本: | 22cm | |
| 丛书名: | ||
| 单 册: | ||
| 中图分类: | Z121.5 | |
| 科图分类: | ||
| 主题词: | 丛书--中国 | |
| 电子资源: | ||
| ISBN: | 7-5363-3154-1 | |
| 000 | 00736 nam 000265 | |
| 001 | 0100005726 | |
| 005 | 20100416151147.75 | |
| 010 | @a7-5363-3154-1@dCNY168.00(全套) | |
| 100 | @a20090702d2003 em y0chiy0121 ea | |
| 101 | @achi | |
| 102 | @aCN@b450000 | |
| 105 | @ay z 000yy | |
| 106 | @ar | |
| 200 | 10 | @a四库精华@9si ku jing hua@h下@i子部@f黄世平主编@Fhuang shi ping zhu bian |
| 210 | @a南宁@c广西民族出版社@d1997.1 | |
| 215 | @a530页@d22cm | |
| 517 | 1 | @a子部@Azi bu |
| 540 | @a四库精华 | |
| 606 | @a丛书@x中国 | |
| 690 | @aZ121.5@v4 | |
| 701 | 0 | @a黄世平@Ahuang shi ping@4主编 |
| 711 | 0 | @a本书编委会@9ben shu bian wei hui@4著 |
| 801 | @aCN@b@c20100416 | |
| 901 | @a222222 | |
| 905 | @b905384-85@dZ121.5@eH880@f2 | |
| 四库精华.下.子部/黄世平主编.-南宁:广西民族出版社,1997.1 |
| 530页;22cm |
| ISBN 7-5363-3154-1:CNY168.00(全套) |
| ● |
| 相关链接 |
|
|
|
正题名:四库精华
索取号:Z121.5/H880
 
预约/预借
| 序号 | 登录号 | 条形码 | 馆藏地/架位号 | 状态 | 备注 |
| 1 | 905384 | 209053842 | 社科二线400B/400B社科库 11排1列1层/ [索取号:Z121.5/H880] | 在馆 | |
| 2 | 905385 | 209053851 | 自科库501/501自科库 123排1列3层/ [索取号:Z121.5/H880] | 在馆 |